00250nam a2200097Ia 4500008004100000100000900041245004400050260003400094942000700128999001700135190216s9999||||xx |||||||||||||| ||und|| aNull 0aHindi-Jinthagi Sapthatha Ke Hashiyo Per b"Dorling Kindersley , London" cBK c17623d17623